<?xml version="1.0" encoding="UTF-8"?>
<marc:record xmlns:marc="http://www.loc.gov/MARC21/slim">
   <marc:leader>00000nam a2200000 a 4500</marc:leader>
   <marc:datafield ind1="1" ind2=" " tag="100">
      <marc:subfield code="a">Hansen, Ella &amp; Tom</marc:subfield>
      <marc:subfield code="4">aut</marc:subfield>
      <marc:subfield code="e">Verfasser/-in</marc:subfield>
   </marc:datafield>
   <marc:datafield ind1="0" ind2="0" tag="245">
      <marc:subfield code="a">Nordgift</marc:subfield>
   </marc:datafield>
   <marc:datafield ind1=" " ind2="1" tag="264">
      <marc:subfield code="b">Amazon Fulfillment</marc:subfield>
      <marc:subfield code="c">2022</marc:subfield>
   </marc:datafield>
   <marc:datafield ind1="1" ind2=" " tag="490">
      <marc:subfield code="a">Inselpolizei Amrum-Föhr</marc:subfield>
   </marc:datafield>
   <marc:datafield ind1="1" ind2=" " tag="520">
      <marc:subfield code="a">Nach einem illegalen Fugu-Essen bricht der angehende Sternekoch Simon Meister tot zusammen. Der Inselarzt attestiert einen Herzinfarkt, aber wie ist der hochgiftige Kugelfisch überhaupt nach Föhr gekommen? Polizistin Hilla Petersen wittert ein Verbrechen. Im ersten Fall des neuen Ermittlerduos prallen Welten aufeinander. David Kern, Kriminalkommissar aus Flensburg, und die Inselpolizistin halten zunächst wenig voneinander. Dann jedoch bleibt ihnen nichts anderes übrig, als gemeinsam sämtliche Zuständigkeiten zu überschreiten, um einen perfiden Mord aufzudecken.</marc:subfield>
   </marc:datafield>
   <marc:datafield ind1=" " ind2=" " tag="020">
      <marc:subfield code="a">9798814846921</marc:subfield>
      <marc:subfield code="9">9798814846921</marc:subfield>
   </marc:datafield>
</marc:record>
